| 000 | 00410cam a2200169ua 4500 | ||
|---|---|---|---|
| 020 | _cRs.3.75 | ||
| 041 |
_aeng _h |
||
| 082 |
_a425 _bBRI/IM |
||
| 100 | _aBright, Targat . | ||
| 245 |
_aImprove Your English / _cBright, Targat. _hTextual Documents |
||
| 260 |
_aNewdelhi : _bNew heights , _c1967. |
||
| 300 | _a272 ; . | ||
| 365 | _aRs.3.75 | ||
| 504 | _a | ||
| 942 | _cBK | ||
| 999 |
_c12398 _d12398 |
||